000 01165nam0a22002531 4500
001 rc\499517
005 20260406214332.0
035 _a(NLR Aleph) 005740585
090 _a4734270
_c4734270
100 _a20030616d1987 |||y0rusy50 ca
101 0 _arus
102 _aRU
105 _aa |||||||||
200 1 _aТехнологическая минералогия главнейших промышленных типов месторождений
_eСб. науч. тр.
_fАН СССР, Всесоюз. минерал. о-во, Всесоюз. н.-и. и проект. ин-т мех. обраб. полез. ископаемых
_gОтв. ред. В.И. Ревнивцев
210 _aЛ.
_cНаука. Ленингр. отд-ние
_d1987
215 _a200 с.
_cил.
_d24
320 _aБиблиогр. в конце ст.
702 1 _aРевнивцев
_bВ.И.
_gВладимир Иванович
_4340
712 0 2 _aВсесоюзное минералогическое общество
_cЛенинград
_3RU\NLR\AUTH\889972101
_9440679
801 0 _aRU
_bNLR
_gpsbo
801 1 _aRU
_bELAR
_2rusmarc
852 _aNLR
_j87-7/684
942 _cBOOK
980 _aNB